000
00295nam a2200109Ia 4500
008
180116s9999 xx 000 0 und d
020
_a
9781451176759
245
_c
Daniel Amsterdam
_a
Antibiotics in Laboratory Medicine
250
_a
6th ed
260
_b
Wolters Kluwer
_c
2015
300
_a
807 pages
999
_c
353260
_d
353260